<?xml version="1.0" encoding="UTF-8"?><?xml-stylesheet type="text/xsl" href="static/style.xsl"?><OAI-PMH xmlns="http://www.openarchives.org/OAI/2.0/" xmlns:xsi="http://www.w3.org/2001/XMLSchema-instance" xsi:schemaLocation="http://www.openarchives.org/OAI/2.0/ http://www.openarchives.org/OAI/2.0/OAI-PMH.xsd"><responseDate>2026-04-28T19:33:13Z</responseDate><request verb="GetRecord" identifier="oai:uvadoc.uva.es:10324/3122" metadataPrefix="marc">https://uvadoc.uva.es/oai/request</request><GetRecord><record><header><identifier>oai:uvadoc.uva.es:10324/3122</identifier><datestamp>2021-06-29T09:31:03Z</datestamp><setSpec>com_10324_38</setSpec><setSpec>col_10324_852</setSpec></header><metadata><record xmlns="http://www.loc.gov/MARC21/slim" xmlns:doc="http://www.lyncode.com/xoai" xmlns:xsi="http://www.w3.org/2001/XMLSchema-instance" xmlns:dcterms="http://purl.org/dc/terms/" xsi:schemaLocation="http://www.loc.gov/MARC21/slim http://www.loc.gov/standards/marcxml/schema/MARC21slim.xsd">
<leader>00925njm 22002777a 4500</leader>
<datafield tag="042" ind1=" " ind2=" ">
<subfield code="a">dc</subfield>
</datafield>
<datafield tag="720" ind1=" " ind2=" ">
<subfield code="a">Ayuso García, Noelia</subfield>
<subfield code="e">author</subfield>
</datafield>
<datafield tag="260" ind1=" " ind2=" ">
<subfield code="c">2013</subfield>
</datafield>
<datafield tag="520" ind1=" " ind2=" ">
<subfield code="a">En este trabajo se expone la importancia de la literatura infantil como una de las herramientas educativas básicas y como medio fundamental en la educación en valores. Concretamente se centra en el uso del cuento como elemento motivador, útil y facilitador del aprendizaje de los niños, de ahí que dicho proyecto finalice con el diseño de dos unidades didácticas globalizadoras dirigidas al trabajo en el aula de infantil.Ambas programaciones contribuyen a la transmisión de valores, tales como la amistad, el amor, la solidaridad o el saber compartir… que se podrán descubrir a través de los cuentos seleccionados, teniendo éstas como fin que el alumnado interiorice y asimile dichos valores.Por tanto, el objetivo es contribuir al conocimiento de la literatura infantil, concretamente de los valores presentes en ella, siendo el cuento el instrumento utilizado como medio para educar en valores y aprender a convivir entre todos de manera pacífica.</subfield>
</datafield>
<datafield tag="024" ind2=" " ind1="8">
<subfield code="a">http://uvadoc.uva.es/handle/10324/3122</subfield>
</datafield>
<datafield ind1=" " ind2=" " tag="653">
<subfield code="a">Literatura infantil-Estudio y enseñanza</subfield>
</datafield>
<datafield ind1=" " ind2=" " tag="653">
<subfield code="a">Educación en valores</subfield>
</datafield>
<datafield tag="245" ind1="0" ind2="0">
<subfield code="a">Literatura Infantil como medio para enseñar valores</subfield>
</datafield>
</record></metadata></record></GetRecord></OAI-PMH>